000 00443nam a2200181Ia 4500
001 19721
005 20260306172713.0
008 260306t2001||||xx |||||||||||||| ||spa||
041 _aESP
082 _a341
_bK37
100 _aKelson, Hans [1881-1973]
_eAUT
245 0 _aIntroducción a la teoría pura del derecho
260 _c2001
300 _a157 páginas :
_c19 cm.
650 _aGEN
654 _aCDE
942 _cLIB
_dJUS
_fJUS
_2ddc
_n
999 _c19721
_d19721